كتاب العشر مقالات في العين المنصوب إلى حنىن بن اسحاق /
Saved in:
| Main Author: | |
|---|---|
| Other Authors: | , , |
| Format: | Thesis |
| Language: | Arabic |
| Published: |
Dimashq :
Jami'at Dimashq, Kulliyat al-Tibb,
1975
|
| Subjects: | |
| Tags: |
Add Tag
No Tags, Be the first to tag this record!
|
| LEADER | 012900000a22003250004500 | ||
|---|---|---|---|
| 001 | 143026 | ||
| 005 | 20081203140600.0 | ||
| 008 | 960814s1975 sy f ara | ||
| 035 | |a (Sirsi) 143026 | ||
| 040 | |a UIAM |b eng | ||
| 041 | 0 | |a ara | |
| 050 | |a RE41 | ||
| 100 | 1 | |a حنين بن اسحاق العبادى، |d 809؟873- | |
| 242 | 1 | 0 | |a Kitab al-'Ashr maqalat fi al-'ayn al-mansub ila Hunayn ibn Ishaq / |c Wa'il al-Khuri |
| 245 | 1 | 0 | |a كتاب العشر مقالات في العين المنصوب إلى حنىن بن اسحاق / |c وائل الخوري |
| 260 | 1 | |a Dimashq : |b Jami'at Dimashq, Kulliyat al-Tibb, |c 1975 | |
| 300 | |a 80 p. ; |c 24 cm. | ||
| 502 | |a (Ph.D)--Jami'at Dimashq, Kulliyat al-Tibb, 1975. | ||
| 504 | |a Includes bibliographical references (p. 79-80). | ||
| 596 | |a 1 | ||
| 650 | 0 | |a Ophthalmology |x Early works to 1800 | |
| 650 | 0 | |a Eye |x Diseases and defects Early works to 1800 | |
| 650 | 2 | |a Medicine, Islamic | |
| 655 | 0 | 7 | |a Theses, non-IIUM |
| 700 | 0 | |a Hunayn ibn Ishaq al-'Ibadi, |d 809?-873 | |
| 700 | 1 | |a Khuri, Wa'il | |
| 700 | 1 | 0 | |a خوري، وائل |
| 900 | |a ana-abu-lfr-naw | ||
| 999 | |c 431006 |d 462497 | ||
| 952 | |0 0 |6 T RE 000041 H931A 1975 |7 0 |8 THESES |9 750668 |a IIUM |b IIUM |c MULTIMEDIA |g 0.00 |o t RE41H931A 1975 |p 00000466608 |r 2017-10-20 |t 1 |v 0.00 |y THESIS | ||
